| 000 | 00688nam a22002297a 4500 | ||
|---|---|---|---|
| 005 | 20170124110248.0 | ||
| 010 | _aA-459701 | ||
| 020 |
_c00.00 _a8170271926 |
||
| 035 | _aA-459701 | ||
| 037 | _bCen Lib/Ret | ||
| 040 |
_aDPL _bEN |
||
| 082 |
_a343.0553 _bEXC |
||
| 110 |
_aBirla Economics Research Foundation _998057 |
||
| 245 | _aExcise duties in India / | ||
| 260 |
_bRadainat Publishers _aNew Delhi _c1991 |
||
| 270 |
_bNew Delhi _aE-155 Kalkaji _e110019 |
||
| 300 |
_axv,113p. _c22cm(Hb) |
||
| 500 | _aincludes index | ||
| 650 |
_aExcise tax -- India -- History. _998058 |
||
| 650 |
_aUmsatzsteuer -- Indien _998059 |
||
| 942 |
_2ddc _cEN _h343.0553 _mEXC |
||
| 999 |
_c135694 _d135694 |
||